Stav nakladania s komunálnym odpadom v meste Michalovce za rok 2015
Nakladanie s komunálnym odpadom na území mesta Michalovce. Zber a preprava odpadu.
Salvato in:
| Autore principale: | |
|---|---|
| Natura: | Capitolo di libro |
| Lingua: | slovacco |
| Soggetti: | |
| Tags: |
Nessun Tag, puoi essere il primo ad aggiungerne!!
|
MARC
| LEADER | 00000naa a2200000 4500 | ||
|---|---|---|---|
| 001 | 0227304 | ||
| 005 | 20240502073739.4 | ||
| 041 | 0 | |a slo | |
| 044 | |a SK | ||
| 245 | 1 | 0 | |a Stav nakladania s komunálnym odpadom v meste Michalovce za rok 2015 |c Michal Stričík |
| 520 | |a Nakladanie s komunálnym odpadom na území mesta Michalovce. Zber a preprava odpadu. | ||
| 610 | 2 | 0 | |a odpad komunálny |
| 610 | 2 | 0 | |a zber separovaný |
| 610 | 2 | 0 | |a hospodárstvo odpadové |
| 100 | 1 | |a Stričík, Michal, 1969- | |